[Event "HUN-ch"]
[Site "HUN"]
[Date "1974.??.??"]
[Round "?"]
[White "Sapi, Laszlo"]
[Black "Csom, Istvan"]
[Result "1/2-1/2"]
[WhiteElo "2410"]
[BlackElo "2540"]
[PlyCount "34"]
[EventDate "1974.??.??"]
[Source "ChessBase"]

1. d4 Nf6 2. c4 e6 3. Nf3 d5 4. Bg5 Be7 5. Nc3 Nbd7 6. e3 O-O 7. Rc1 a6 8. cxd5 exd5 9. Bd3 c6 10. O-O Re8 11. Qc2 Nf8 12. Rb1 Bd6 13. h3 Ng6 14. Nh4 Nf8 15. Nf5 Bxf5 16. Bxf5 h6 17. Bxf6 Qxf6 1/2-1/2

[Event "Belgorod"]
[Site "Belgorod RUS"]
[Date "1990.??.??"]
[Round "?"]
[White "Mohr, Georg"]
[Black "Borges Mateos, Juan"]
[Result "1-0"]
[WhiteElo "2450"]
[BlackElo "2500"]
[PlyCount "87"]
[EventDate "1990.??.??"]
[Source "www.chesslib.no"]
[SourceDate "2004.05.04"]

1. c4 e6 2. d4 d5 3. Nc3 Be7 4. Nf3 Nf6 5. Bg5 O-O 6. e3 Nbd7 7. Rc1 c6 8. Bd3 a6 9. cxd5 exd5 10. Qc2 Re8 11. h3 Nf8 12. O-O g6 13. Na4 Bd6 14. Qb3 Ne6 15. Bh4 Qe7 16. Nb6 Rb8 17. Ne5 Nf8 18. Bxa6 Bxe5 19. dxe5 bxa6 20. Bxf6 Qb7 21. Na4 Qxb3 22. axb3 Rxb3 23. Rxc6 Bd7 24. Nc5 Rxb2 25. Rxa6 Bb5 26. Rb6 Bxf1 27. Rxb2 Bc4 28. Rb7 Rc8 29. e6 Nxe6 30. Nxe6 fxe6 31. Rg7+ Kf8 32. Rxh7 Rc6 33. Be5 Bd3 34. Kh2 Rc4 35. Kg3 Bf5 36. Rb7 Kg8 37. Bd4 Rc2 38. Kh4 Rxf2 39. g4 Be4 40. Kg5 Rf3 41. h4 Rg3 42. Kf6 g5 43. Rb8+ Kh7 44. Kxg5 1-0

[Event "Hospitalet de Llobre IT"]
[Site "?"]
[Date "1973.10.26"]
[Round "5"]
[White "Diez del Corral Jesus"]
[Black "Lengyel Levente"]
[Result "1/2-1/2"]
[WhiteElo "2495"]
[BlackElo "2450"]
[PlyCount "107"]
[EventDate "1973.??.??"]
[Source "www.chesslib.no"]
[SourceDate "2004.05.04"]

1. d4 d5 2. c4 e6 3. Nc3 Be7 4. Nf3 Nf6 5. Bg5 O-O 6. e3 Nbd7 7. Rc1 a6 8. cxd5 exd5 9. Bd3 c6 10. Qc2 Re8 11. O-O Nf8 12. Na4 Nh5 13. Bxe7 Rxe7 14. Ne5 g6 15. Qb3 Ng7 16. Nc5 f6 17. Nf3 Kh8 18. Rfe1 Nfe6 19. Qc3 Nc7 20. a4 a5 21. b4 axb4 22. Qxb4 Nce8 23. Nd2 Ne6 24. Ndb3 Nd6 25. a5 Nxc5 26. dxc5 Nf7 27. Qc3 Kg7 28. Ra1 Qc7 29. Nd4 Nd8 30. Reb1 Qe5 31. Rb6 Rc7 32. Re1 Re7 33. f4 Qc7 34. h3 Ne6 35. Nb3 Bd7 36. Qb4 Be8 37. a6 bxa6 38. Bxa6 Ra7 39. Bd3 Bd7 40. Na5 Be8 41. g3 Nf8 42. Re2 Ne6 43. Kh2 Nd8 44. Nb3 Bd7 45. Nd4 Ne6 46. Nf3 Re8 47. f5 gxf5 48. Bxf5 Nxc5 49. Qxc5 Bxf5 50. Rxc6 Qe7 51. Qd4 Rc7 52. Rxc7 Qxc7 53. Rf2 Be4 54. Nd2 1/2-1/2

[Event "Berliner Sommer"]
[Site "Berlin"]
[Date "1995.??.??"]
[Round "3"]
[White "Grabliauskas, Virginijus"]
[Black "Kharitonov, Andrei Y"]
[Result "1/2-1/2"]
[WhiteElo "2395"]
[BlackElo "2550"]
[PlyCount "108"]
[EventDate "1995.08.??"]
[Source "ChessBase"]

1. d4 Nf6 2. c4 e6 3. Nf3 d5 4. Nc3 Be7 5. Bg5 O-O 6. e3 Nbd7 7. Rc1 a6 8. cxd5 exd5 9. Bd3 c6 10. Qc2 Re8 11. O-O Nf8 12. Bxf6 Bxf6 13. b4 Bg4 14. Nd2 Be7 15. h3 Bh5 16. a3 Bd6 17. Na4 Rc8 18. Nc5 Rc7 19. Rfe1 Qg5 20. Be2 Bg6 21. Bd3 Qf6 22. a4 Ne6 23. Bxg6 hxg6 24. Nf3 Ng5 25. Nxg5 Qxg5 26. Qd3 Qe7 27. Re2 Bxc5 28. bxc5 f5 29. Rb1 Qf7 30. Kf1 g5 31. Ke1 Rce7 32. Kd2 Re6 33. Rb3 R8e7 34. Rb1 f4 35. Rb4 fxe3+ 36. fxe3 Re4 37. Rb1 g4 38. hxg4 Rxg4 39. Rh1 Ree4 40. Qb3 Rg3 41. Qd3 Qc7 42. Qb3 Qe7 43. Rf1 Qg5 44. Rff2 a5 45. Qd3 Reg4 46. Qc3 Qh6 47. Qd3 Re4 48. Rf3 Rgg4 49. Kc2 Qg6 50. Rff2 Rg3 51. Kd2 Qg5 52. Qc3 Reg4 53. Qb2 Rh4 54. Qc3 Re4 1/2-1/2

[Event "Komercni Banka op"]
[Site "Pardubice"]
[Date "1996.??.??"]
[Round "8"]
[White "Grabliauskas, Virginijus"]
[Black "Sulskis, Sarunas"]
[Result "0-1"]
[WhiteElo "2430"]
[BlackElo "2515"]
[PlyCount "110"]
[EventDate "1996.07.??"]
[Source "www.chesslib.no"]
[SourceDate "2004.05.04"]

1. d4 Nf6 2. c4 e6 3. Nf3 d5 4. Nc3 Nbd7 5. Bg5 Be7 6. e3 O-O 7. Rc1 a6 8. cxd5 exd5 9. Bd3 Re8 10. O-O c6 11. Qc2 Nf8 12. Bxf6 Bxf6 13. b4 Be7 14. Rb1 Bd6 15. h3 Qf6 16. e4 dxe4 17. Bxe4 Be6 18. d5 cxd5 19. Nxd5 Bxd5 20. Bxd5 Re7 21. b5 axb5 22. Rxb5 Ra3 23. Rxb7 Rxb7 24. Bxb7 Qe6 25. Rd1 Rxa2 26. Qd3 Bc5 27. Nd4 Qf6 28. Bf3 Qh4 29. Nf5 Qxf2+ 30. Kh1 g6 31. Nh6+ Kg7 32. Nxf7 Ra3 33. Qd5 Re3 34. Qxc5 Re1+ 35. Rxe1 Qxc5 36. Nd8 Kf6 37. Rd1 Qb6 38. Rd5 h5 39. Kh2 Nh7 40. Nb7 Qc7+ 41. Rd6+ Ke7 42. Kh1 Nf6 43. Rd1 g5 44. Nd6 g4 45. Nf5+ Ke6 46. Nd4+ Ke5 47. Bc6 Qb6 48. Kh2 h4 49. Ba8 Qb2 50. Kg1 Qa2 51. Bc6 Kf4 52. hxg4 Nxg4 53. Rf1+ Ke5 54. Nf3+ Kd6 55. Bb5 Qb3 0-1

[Event "Ciocaltea mem"]
[Site "Bucharest"]
[Date "1998.??.??"]
[Round "8"]
[White "Nevednichy, Vladislav"]
[Black "Milu, Romeo Sorin"]
[Result "1/2-1/2"]
[WhiteElo "2550"]
[BlackElo "2395"]
[PlyCount "156"]
[EventDate "1998.02.??"]
[Source "ChessBase"]
[SourceDate "1998.06.15"]

1. d4 d5 2. c4 e6 3. Nc3 Nf6 4. Nf3 Be7 5. Bg5 O-O 6. e3 Nbd7 7. Rc1 c6 8. Qc2 a6 9. cxd5 exd5 10. Bd3 Re8 11. O-O Nf8 12. Bxf6 Bxf6 13. b4 Bg4 14. Nd2 Be7 15. Rb1 Bd6 16. Rfe1 Qf6 17. h3 Bd7 18. Na4 Rad8 19. Nc5 Bc8 20. f4 Re7 21. Nf3 Rde8 22. Ne5 Qh4 23. Qf2 Qxf2+ 24. Kxf2 f6 25. Nf3 Ne6 26. Nxe6 Bxe6 27. Rb3 Bd7 28. g4 Rf8 29. a4 g5 30. f5 Ra8 31. Bf1 h5 32. Rc1 hxg4 33. hxg4 Re4 34. Bh3 Rae8 35. Nd2 R4e7 36. Bg2 Rh7 37. Rh1 Rxh1 38. Bxh1 Kf7 39. Nb1 Rh8 40. Bg2 Ke7 41. Nc3 Rh4 42. Kf3 Be8 43. Rb1 b5 44. a5 Bf7 45. Nd1 Kd7 46. Nf2 Be7 47. Nd3 Bd6 48. Rd1 Rh8 49. Nc5+ Bxc5 50. dxc5 Kc7 51. Kf2 Be8 52. e4 dxe4 53. Rd6 Rf8 54. Bxe4 Bd7 55. Ke3 Rf7 56. Kd4 Rf8 57. Bc2 Bc8 58. Ke3 Bd7 59. Bb3 Be8 60. Kf3 Bd7 61. Kg3 Be8 62. Be6 Rh8 63. Ba2 Rf8 64. Rd1 Rh8 65. Re1 Kd8 66. Re6 Rf8 67. Bb1 Bd7 68. Rd6 Kc7 69. Rd2 Rh8 70. Rd1 Kc8 71. Ba2 Kc7 72. Rd6 Rf8 73. Kf3 Be8 74. Re6 Kd8 75. Ke4 Bd7 76. Rd6 Kc7 77. Be6 Be8 78. Kd4 Rh8 1/2-1/2

[Event "Lenk Open"]
[Site "Lenk SUI"]
[Date "1991.??.??"]
[Round "8"]
[White "Zueger, Beat"]
[Black "Ziatdinov, Raset"]
[Result "0-1"]
[WhiteElo "2425"]
[BlackElo "2515"]
[PlyCount "102"]
[EventDate "1991.06.??"]
[Source "www.chesslib.no"]
[SourceDate "2004.05.04"]

1. d4 d5 2. c4 e6 3. Nf3 Nf6 4. Nc3 Be7 5. Bg5 O-O 6. e3 Nbd7 7. Rc1 a6 8. cxd5 exd5 9. Bd3 c6 10. Qc2 Re8 11. O-O Nf8 12. Rce1 Be6 13. Ne5 N6d7 14. Bxe7 Rxe7 15. f4 f6 16. Nf3 Nb6 17. h3 Nc8 18. g4 Nd6 19. Qg2 Kh8 20. Ne2 Bf7 21. Ng3 Nd7 22. Nh4 Nb6 23. Ngf5 Nxf5 24. gxf5 Bh5 25. Ng6+ Bxg6 26. fxg6 h6 27. Re2 Qd6 28. Rfe1 Rae8 29. Qf3 Kg8 30. e4 dxe4 31. Rxe4 Kf8 32. Rxe7 Rxe7 33. Rxe7 Kxe7 34. Qe4+ Qe6 35. Kf2 Qxe4 36. Bxe4 Ke6 37. f5+ Kd6 38. Ke2 Na4 39. b4 Nc3+ 40. Kd3 Nxa2 41. Kc4 b6 42. Bf3 a5 43. bxa5 bxa5 44. Kb3 Nb4 45. Kc4 Nc2 46. Be4 Ne3+ 47. Kd3 Nd5 48. Kc4 Nb6+ 49. Kc3 c5 50. Bf3 Nd5+ 51. Kd3 a4 0-1

[Event "Catania Open"]
[Site "Catania"]
[Date "1995.??.??"]
[Round "1"]
[White "Ikonnikov, Vyacheslav"]
[Black "Bellomo, Francesco"]
[Result "1-0"]
[WhiteElo "2555"]
[BlackElo "2375"]
[PlyCount "104"]
[EventDate "1995.08.??"]
[Source "www.chesslib.no"]
[SourceDate "2004.05.04"]

1. d4 d5 2. Nf3 Nf6 3. c4 e6 4. Nc3 Be7 5. Bg5 O-O 6. e3 Nbd7 7. Rc1 a6 8. cxd5 exd5 9. Bd3 c6 10. Qc2 Re8 11. O-O Nf8 12. Na4 g6 13. Nc5 Ne6 14. Bxf6 Bxf6 15. b4 Be7 16. Rb1 Bd6 17. a4 Kg7 18. Rfe1 f5 19. b5 cxb5 20. axb5 a5 21. b6 Qe7 22. Bb5 Rf8 23. Nd3 Nd8 24. Nfe5 Nf7 25. f4 Be6 26. Qa4 Rfc8 27. Rec1 Qd8 28. Nc5 Bxc5 29. dxc5 Nxe5 30. fxe5 Bf7 31. Qd4 Be8 32. e6+ Qf6 33. Bd7 Qxd4 34. exd4 Bxd7 35. exd7 Rd8 36. Rb5 Rxd7 37. Ra1 Re8 38. Rbxa5 Kf7 39. Ra7 Re6 40. Kf2 Rde7 41. R7a2 g5 42. g3 h6 43. Rc2 Rc6 44. Re2 Rd7 45. Ra8 Rf6 46. Ree8 Kg6 47. Rad8 Rdf7 48. Rxd5 Kh5 49. Kf3 f4 50. g4+ Kh4 51. Rh8 Re7 52. Re5 Rfe6 1-0

[Event "Chigorin mem"]
[Site "St Petersburg"]
[Date "1998.11.09"]
[Round "9"]
[White "Lugovoi, Aleksei"]
[Black "Novgorodskij, Vladimir"]
[Result "1/2-1/2"]
[WhiteElo "2525"]
[BlackElo "2405"]
[PlyCount "53"]
[EventDate "1998.10.31"]
[Source "ChessBase"]
[SourceDate "1999.01.01"]

1. d4 d5 2. c4 e6 3. Nf3 Nf6 4. Nc3 Nbd7 5. Bg5 Be7 6. e3 O-O 7. Rc1 a6 8. cxd5 exd5 9. Bd3 c6 10. O-O Re8 11. Qc2 Nf8 12. Rce1 Ne4 13. Bxe7 Qxe7 14. Bxe4 dxe4 15. Nd2 f5 16. f3 exf3 17. Nxf3 Be6 18. e4 fxe4 19. Rxe4 Rad8 20. Re5 Ng6 21. Ng5 Qd6 22. Rxe6 Rxe6 23. Qb3 Rde8 24. Nxe6 Qxe6 25. d5 cxd5 26. Nxd5 b5 27. Nc7 1/2-1/2

[Event "Buenos Aires ol (Men)"]
[Site "Buenos Aires ARG"]
[Date "1978.??.??"]
[Round "5"]
[White "Pfleger, Helmut"]
[Black "Jakobsen, Ole"]
[Result "1/2-1/2"]
[WhiteElo "2530"]
[BlackElo "2400"]
[PlyCount "35"]
[EventDate "1978.10.25"]
[Source "www.chesslib.no"]
[SourceDate "2004.05.04"]

1. c4 e6 2. d4 d5 3. Nc3 Be7 4. Nf3 Nf6 5. Bg5 O-O 6. e3 Nbd7 7. Rc1 a6 8. cxd5 exd5 9. Bd3 c6 10. O-O Re8 11. Qc2 Nf8 12. Ne5 Ng4 13. Bxe7 Qxe7 14. Nxg4 Bxg4 15. Rce1 Rad8 16. Ne2 Bxe2 17. Rxe2 Rd6 18. Rfe1 1/2-1/2

[Event "Oslo Elitecup"]
[Site "Oslo NOR"]
[Date "1991.??.??"]
[Round "7"]
[White "Gausel, Einar"]
[Black "Ostenstad, Berge"]
[Result "1/2-1/2"]
[WhiteElo "2425"]
[BlackElo "2500"]
[PlyCount "74"]
[EventDate "1991.??.??"]
[Source "www.chesslib.no"]
[SourceDate "2004.05.04"]

1. d4 Nf6 2. c4 e6 3. Nf3 d5 4. Nc3 Be7 5. Bg5 O-O 6. e3 Nbd7 7. Rc1 a6 8. cxd5 exd5 9. Bd3 c6 10. O-O Re8 11. Qc2 Nf8 12. h3 g6 13. Bxf6 Bxf6 14. b4 Be7 15. Qb3 Bd6 16. Na4 Rb8 17. Nc5 Qf6 18. Qd1 Ra8 19. a3 Ne6 20. Re1 a5 21. b5 Bxc5 22. dxc5 Qb2 23. Qa4 Bd7 24. b6 Re7 25. Red1 Qf6 26. Bf1 Ng5 27. Nxg5 Qxg5 28. h4 Qh6 29. Bd3 Re5 30. Bc2 Rae8 31. Rb1 Bf5 32. Bxf5 Rxf5 33. g3 Rxe3 34. fxe3 Qxe3+ 35. Kh1 Qxg3 36. Rb3 Rf3 37. Rxf3 Qxf3+ 1/2-1/2

[Event "Zagreb"]
[Site "Zagreb CRO"]
[Date "1972.??.??"]
[Round "9"]
[White "Bertok, Mario"]
[Black "Csom, Istvan"]
[Result "1/2-1/2"]
[WhiteElo "2440"]
[BlackElo "2485"]
[PlyCount "25"]
[EventDate "1972.??.??"]
[Source "www.chesslib.no"]
[SourceDate "2004.05.04"]

1. c4 Nf6 2. Nc3 e6 3. Nf3 d5 4. d4 Be7 5. Bg5 Nbd7 6. e3 O-O 7. Rc1 a6 8. cxd5 exd5 9. Bd3 c6 10. O-O Re8 11. Qc2 Nf8 12. a3 Ng6 13. Nh4 1/2-1/2

[Event "Reykjavik"]
[Site "?"]
[Date "1988.??.??"]
[Round "?"]
[White "Gurevich, M."]
[Black "Thorsteinsson, Th"]
[Result "1-0"]
[WhiteElo "2625"]
[BlackElo "2295"]
[PlyCount "117"]
[EventDate "1988.??.??"]
[Source "ChessBase"]
[SourceDate "1988.01.01"]

1. d4 d5 2. c4 e6 3. Nc3 Nf6 4. Bg5 Nbd7 5. e3 Be7 6. Rc1 O-O 7. Nf3 a6 8. cxd5 exd5 9. Bd3 Re8 10. O-O c6 11. Qc2 Nf8 12. Rce1 g6 13. Ne5 Nh5 14. Bh6 Ng7 15. f4 Nf5 16. Bxf8 Bxf8 17. g4 Nd6 18. Qg2 Bg7 19. Kh1 f5 20. g5 Be6 21. h4 Bxe5 22. fxe5 Nf7 23. Qg3 c5 24. Ne2 c4 25. Bc2 Qa5 26. Nf4 Kg7 27. h5 Rac8 28. Re2 Rc6 29. Rh2 Rg8 30. Qh4 Kf8 31. hxg6 hxg6 32. Qh7 Bc8 33. e6 Rxe6 34. Nxe6+ Bxe6 35. Qh4 Qxa2 36. Qf4 Qxb2 37. Bxf5 Qxh2+ 38. Kxh2 Bxf5 39. Qb8+ Kg7 40. Qxb7 Rh8+ 41. Kg1 Rd8 42. e4 dxe4 43. Qe7 Rd5 44. Rb1 Bc8 45. Rb8 Rxg5+ 46. Kf2 Bg4 47. Qf8+ Kf6 48. Rb6+ Be6 49. Qe8 Rf5+ 50. Ke2 Ng5 51. Qd8+ Kg7 52. Rxe6 Nxe6 53. Qe7+ Kh6 54. Qxe6 c3 55. d5 c2 56. Kd2 Rf2+ 57. Kc1 Rh2 58. Qxe4 g5 59. d6 1-0

[Event "Spring op"]
[Site "Budapest"]
[Date "1990.??.??"]
[Round "8"]
[White "Magerramov, Elmar"]
[Black "Arbakov, Valentin"]
[Result "1/2-1/2"]
[WhiteElo "2500"]
[BlackElo "2415"]
[PlyCount "72"]
[EventDate "1990.??.??"]
[Source "ChessBase"]

1. d4 d5 2. c4 e6 3. Nf3 Nf6 4. Nc3 Be7 5. Bg5 O-O 6. e3 Nbd7 7. Rc1 a6 8. cxd5 exd5 9. Bd3 c6 10. Qc2 Re8 11. O-O Nf8 12. Ne5 Ng4 13. Bxe7 Qxe7 14. Nxg4 Bxg4 15. Rce1 Be6 16. a3 Bg4 17. f4 f6 18. f5 Bh5 19. e4 dxe4 20. Bc4+ Bf7 21. Nxe4 Bd5 22. Bxd5+ cxd5 23. Qb3 Rad8 24. Nc5 Qxe1 25. Rxe1 Rxe1+ 26. Kf2 Rde8 27. Nxb7 R8e2+ 28. Kf3 g6 29. Nd6 Kg7 30. Qb7+ Re7 31. Qxa6 R1e3+ 32. Kf2 Rb3 33. h4 Rxb2+ 34. Kg3 Rb3+ 35. Kf2 Rb2+ 36. Kf3 Rb3+ 1/2-1/2

[Event "HUN Team Ch"]
[Site "HUN"]
[Date "1993.??.??"]
[Round "?"]
[White "Pinter, Jozsef"]
[Black "Bauer, Tamas"]
[Result "1/2-1/2"]
[WhiteElo "2580"]
[BlackElo "2335"]
[PlyCount "128"]
[EventDate "1993.??.??"]
[Source "www.chesslib.no"]
[SourceDate "2004.05.04"]

1. d4 d5 2. c4 e6 3. Nc3 Be7 4. Nf3 Nf6 5. Bg5 Nbd7 6. e3 O-O 7. Rc1 a6 8. cxd5 exd5 9. Bd3 Re8 10. O-O c6 11. Qc2 Nf8 12. Ne5 Ng4 13. Bxe7 Rxe7 14. Nxg4 Bxg4 15. Rce1 Bh5 16. f4 Qd6 17. Qf2 f6 18. Na4 Bf7 19. Rc1 Rae8 20. Rfe1 Be6 21. a3 Bc8 22. h3 Ne6 23. Re2 Nd8 24. Rce1 Nf7 25. Nc5 Nh6 26. g4 Nf7 27. Qh4 g6 28. Qf2 Kg7 29. Qf3 Rh8 30. Rg2 b6 31. Na4 c5 32. Ree2 Rhe8 33. Nc3 cxd4 34. exd4 b5 35. Rgf2 Bb7 36. b4 Qb6 37. Rxe7 Rxe7 38. Ne2 Nd6 39. f5 Nc4 40. fxg6 hxg6 41. g5 f5 42. Qf4 Qe6 43. Qh4 Kg8 44. Nf4 Qd6 45. Qh6 Rh7 46. Qxg6+ Qxg6 47. Nxg6 Rxh3 48. Bf1 Rg3+ 49. Kh2 Rxg5 50. Ne7+ Kh8 51. Nxf5 Bc8 52. Ne7 Bd7 53. Rf7 Be6 54. Rf6 Ne3 55. Rxe6 Nxf1+ 56. Kh3 Nd2 57. Rxa6 Nf3 58. Rf6 Nxd4 59. Kh4 Re5 60. Nc6 Kg7 61. Rd6 Nf5+ 62. Kg5 Nxd6+ 63. Nxe5 Nc4 64. Kf5 Nxa3 1/2-1/2

[Event "Cappelle Open"]
[Site "Cappelle la Grande FRA"]
[Date "1995.??.??"]
[Round "3"]
[White "Novikov, Igor A"]
[Black "Lengyel, Bela"]
[Result "1/2-1/2"]
[WhiteElo "2590"]
[BlackElo "2320"]
[PlyCount "105"]
[EventDate "1995.03.??"]
[Source "www.chesslib.no"]
[SourceDate "2004.05.04"]

1. d4 Nf6 2. c4 e6 3. Nf3 d5 4. Nc3 Nbd7 5. Bg5 Be7 6. e3 O-O 7. Rc1 a6 8. cxd5 exd5 9. Bd3 c6 10. Qc2 Re8 11. O-O Nf8 12. Ne5 Ng4 13. Bxe7 Qxe7 14. Nxg4 Bxg4 15. Rce1 Qd6 16. f4 f6 17. f5 Bh5 18. Qf2 Re7 19. Qf4 Qxf4 20. Rxf4 Rae8 21. Kf2 Nd7 22. g4 g5 23. fxg6 Bxg6 24. Bf5 Kg7 25. Rf3 Nb6 26. b3 a5 27. Ke2 Nc8 28. Bxc8 Rxc8 29. Kd2 Rce8 30. Ne2 Re4 31. h3 R4e7 32. Nf4 Bf7 33. Rg1 Rf8 34. h4 Kh8 35. Ne2 Bg6 36. Ng3 Re6 37. g5 Rg8 38. gxf6 Bf7 39. h5 Rg5 40. Ke2 Kg8 41. Kf2 Kf8 42. Rh1 h6 43. a3 Ke8 44. b4 axb4 45. axb4 Kd7 46. Rf4 Re8 47. Nf5 Ra8 48. Nxh6 Bxh5 49. Ng4 Rxg4 50. Rxh5 Rxf4+ 51. exf4 Ke6 52. Re5+ Kxf6 53. b5 1/2-1/2

[Event "Skopje ol (Men)"]
[Site "Skopje MKD"]
[Date "1972.09.28"]
[Round "2.4"]
[White "Peev, Peicho C"]
[Black "Csom, Istvan"]
[Result "1/2-1/2"]
[WhiteElo "2425"]
[BlackElo "2485"]
[PlyCount "120"]
[EventDate "1972.09.??"]
[Source "www.chesslib.no"]
[SourceDate "2004.05.04"]

1. d4 Nf6 2. c4 e6 3. Nf3 d5 4. Nc3 Be7 5. Bg5 Nbd7 6. e3 O-O 7. Rc1 a6 8. cxd5 exd5 9. Bd3 c6 10. Qc2 Re8 11. O-O Nf8 12. Ne5 Ng4 13. Bxe7 Qxe7 14. Nf3 Be6 15. Na4 Rad8 16. Nc5 Bc8 17. Bf5 Bxf5 18. Qxf5 Nf6 19. Qe5 Ne4 20. Qxe7 Rxe7 21. Ne5 Nxc5 22. Rxc5 Ne6 23. Rc2 f6 24. Nd3 Nc7 25. b4 Nb5 26. a4 Nd6 27. Rb1 Ra8 28. h3 Kf7 29. Nc5 Ke8 30. Rb3 Kf7 31. Rb1 Ke8 32. Rc3 Kf7 33. Kf1 Ke8 34. Ke2 Kf7 35. Kd3 Ke8 36. Nb3 Nc4 37. Nd2 Nd6 38. f3 Kf7 39. e4 dxe4+ 40. fxe4 Rd8 41. Rf1 Kg8 42. Rc5 h6 43. g4 Nf7 44. b5 Red7 45. Nb3 cxb5 46. axb5 b6 47. Rc6 axb5 48. Rxb6 Ne5+ 49. Ke2 Nc4 50. Rxb5 Nd6 51. Rd5 Nxe4 52. Rxd7 Rxd7 53. Kd3 Ng5 54. h4 Nf7 55. Nc5 Rd8 56. Kc3 h5 57. gxh5 Rd5 58. Ne6 Rxh5 59. Rg1 g5 60. hxg5 Nxg5 1/2-1/2

[Event "Bern op"]
[Site "Bern"]
[Date "1991.??.??"]
[Round "7"]
[White "Gheorghiu, Florin"]
[Black "Begovac, Franja"]
[Result "1/2-1/2"]
[WhiteElo "2495"]
[BlackElo "2405"]
[PlyCount "58"]
[EventDate "1991.02.??"]
[Source "ChessBase"]

1. d4 Nf6 2. Nf3 d5 3. c4 e6 4. Nc3 Be7 5. Bg5 O-O 6. e3 Nbd7 7. Rc1 a6 8. cxd5 exd5 9. Bd3 c6 10. Qc2 Re8 11. O-O Nf8 12. Na4 Ng6 13. Qb3 Ng4 14. Bxe7 Rxe7 15. Nb6 Rb8 16. Qb4 Be6 17. Na4 Re8 18. Qb6 Qf6 19. Qc7 h5 20. Bxg6 Qxg6 21. Nc5 Rec8 22. Qg3 Qf6 23. Rc3 Qe7 24. Rfc1 a5 25. h3 Nf6 26. Qe5 Re8 27. Ng5 Nd7 28. Qf4 Nxc5 29. Rxc5 Ra8 1/2-1/2

[Event "Leiden Open"]
[Site "Leiden NED"]
[Date "1995.02.25"]
[Round "3"]
[White "Piket, Jeroen"]
[Black "Konings, Leon"]
[Result "1-0"]
[WhiteElo "2670"]
[BlackElo "2230"]
[PlyCount "99"]
[EventDate "1995.02.??"]
[Source "www.chesslib.no"]
[SourceDate "2004.05.04"]

1. d4 d5 2. c4 e6 3. Nf3 Be7 4. Nc3 Nf6 5. Bg5 O-O 6. e3 Nbd7 7. Rc1 a6 8. cxd5 exd5 9. Qc2 c6 10. Bd3 Re8 11. O-O Nf8 12. Rce1 Ne4 13. Bxe7 Qxe7 14. Bxe4 dxe4 15. Nd2 f5 16. f3 exf3 17. Nxf3 Ng6 18. e4 f4 19. e5 Be6 20. Ne4 Rf8 21. a3 Rad8 22. Nd6 Bd5 23. b4 Rd7 24. Re2 Qd8 25. Ref2 Qe7 26. Qd2 Qd8 27. Qc2 Qe7 28. Qd2 Qe6 29. Qc1 Qg4 30. Qc3 h6 31. a4 Qe6 32. Qc5 Kh7 33. b5 axb5 34. axb5 Ra8 35. b6 Kg8 36. h3 Ra4 37. Qc2 Rb4 38. Qc5 Ra4 39. Qc2 Bb3 40. Qc3 Ra6 41. Ra1 Rxa1+ 42. Qxa1 Kh7 43. Ne4 Qg8 44. Nc5 Re7 45. Qb1 Bf7 46. Nh4 Qe8 47. Nf5 Rxe5 48. dxe5 Qxe5 49. Nxb7 f3 50. Nbd6 1-0

[Event "Rome"]
[Site "Rome"]
[Date "1981.??.??"]
[Round "?"]
[White "Zichichi, Alvise"]
[Black "Csom, Istvan"]
[Result "0-1"]
[WhiteElo "2400"]
[BlackElo "2500"]
[PlyCount "82"]
[EventDate "1981.02.??"]
[Source "ChessBase"]

1. Nf3 Nf6 2. c4 e6 3. Nc3 d5 4. d4 Be7 5. Bg5 Nbd7 6. e3 O-O 7. Rc1 a6 8. cxd5 exd5 9. Bd3 c6 10. O-O Re8 11. Qc2 Nf8 12. Bxf6 Bxf6 13. h3 Be7 14. Qb1 Bd6 15. Rce1 Be6 16. a3 Rc8 17. Nd2 Rc7 18. f4 Bc8 19. Nf3 Rce7 20. Kf2 Re6 21. g4 c5 22. g5 Be7 23. h4 cxd4 24. Nxd4 Rb6 25. Qc2 Bc5 26. Nce2 Qe7 27. Ng3 Bxd4 28. exd4 Qd8 29. Rxe8 Qxe8 30. Re1 Qd8 31. f5 Rc6 32. Qb3 h6 33. Re5 hxg5 34. hxg5 Qxg5 35. Qxd5 Bd7 36. Re3 Qf4+ 37. Rf3 Qd2+ 38. Ne2 Rc1 39. Bc4 Rxc4 40. Qxc4 Bb5 41. Rd3 Qxe2+ 0-1

[Event "American Open"]
[Site "United States of America"]
[Date "1989.??.??"]
[Round "6"]
[White "Frias Pablaza, Victor J"]
[Black "Glueck, David"]
[Result "0-1"]
[WhiteElo "2510"]
[BlackElo "2390"]
[PlyCount "74"]
[EventDate "1989.??.??"]
[Source "www.chesslib.no"]
[SourceDate "2004.05.04"]

1. c4 e6 2. d4 Nf6 3. Nf3 d5 4. Nc3 Be7 5. Bg5 Nbd7 6. e3 O-O 7. Rc1 a6 8. cxd5 exd5 9. Bd3 Re8 10. O-O c6 11. Qc2 Nf8 12. Qb1 Ne4 13. Bxe7 Qxe7 14. b4 Ng6 15. Qb2 Nh4 16. Nxh4 Qxh4 17. Rfe1 Re6 18. g3 Qh3 19. Bf1 Qh5 20. Nxe4 Rxe4 21. Bg2 Re6 22. Qc2 Qg5 23. a4 Rf6 24. b5 axb5 25. axb5 Bg4 26. Qb2 Re8 27. bxc6 bxc6 28. e4 dxe4 29. Rxe4 Rf8 30. Re5 Qh6 31. Rec5 Bd7 32. Qc3 Re8 33. Bxc6 Rxf2 34. Kxf2 Bxc6 35. Rxc6 Qxh2+ 36. Kf3 Qe2+ 37. Kf4 Re4+ 0-1

[Event "SUI Team Ch"]
[Site "Switzerland"]
[Date "1994.??.??"]
[Round "8"]
[White "Brunner, Lucas"]
[Black "Begovac, Franja"]
[Result "1-0"]
[WhiteElo "2480"]
[BlackElo "2420"]
[PlyCount "129"]
[EventDate "1994.??.??"]
[Source "www.chesslib.no"]
[SourceDate "2004.05.04"]

1. d4 d5 2. c4 e6 3. Nc3 Be7 4. Nf3 Nf6 5. Bg5 O-O 6. e3 Nbd7 7. Rc1 a6 8. cxd5 exd5 9. Bd3 c6 10. Qc2 Re8 11. O-O Nf8 12. a3 Ng6 13. Na4 Bd6 14. Nc5 h6 15. Bxf6 Qxf6 16. e4 dxe4 17. Bxe4 Nf4 18. Rfe1 g6 19. Qb3 Re7 20. g3 Nh3+ 21. Kg2 Bxc5 22. Rxc5 Bg4 23. Re5 Rae8 24. Re3 Rxe5 25. dxe5 Rxe5 26. Qc3 Re6 27. Qxf6 Rxf6 28. Rb3 Re6 29. Nd2 Ng5 30. f3 Rd6 31. Nc4 Bh3+ 32. Kf2 Nxe4+ 33. fxe4 Rf6+ 34. Ke3 b5 35. Ne5 Re6 36. Nd3 Re8 37. Nc5 f5 38. Rd3 fxe4 39. Rd6 Bf5 40. Rxc6 a5 41. g4 Bc8 42. Rxg6+ Kh7 43. Rb6 Bxg4 44. Rxb5 Rf8 45. Rxa5 Rf3+ 46. Kxe4 Rf2 47. Rb5 Rxh2 48. a4 h5 49. a5 Re2+ 50. Kf4 Rf2+ 51. Kg5 Rf5+ 52. Kh4 Rf4 53. Rb6 Rc4 54. b4 Bd1+ 55. Kg5 Rg4+ 56. Kf5 h4 57. a6 h3 58. Rb7+ Kh6 59. a7 Rg8 60. Rb8 Rg5+ 61. Kf6 Rg6+ 62. Ke5 Rg5+ 63. Kd6 Bf3 64. Rh8+ Kg7 65. Rxh3 1-0

[Event "DSV-Turnier"]
[Site "Halle"]
[Date "1974.??.??"]
[Round "?"]
[White "Knaak, Rainer"]
[Black "Fichtl, Jiri"]
[Result "1-0"]
[WhiteElo "2515"]
[BlackElo "2380"]
[PlyCount "103"]
[EventDate "1974.??.??"]
[Source "ChessBase"]

1. d4 d5 2. c4 e6 3. Nc3 Be7 4. Nf3 Nf6 5. Bg5 O-O 6. e3 Nbd7 7. Rc1 c6 8. Bd3 a6 9. cxd5 exd5 10. O-O Re8 11. Qc2 Nf8 12. Rce1 Ne4 13. Bxe7 Qxe7 14. Bxe4 dxe4 15. Nd2 f5 16. f3 exf3 17. Nxf3 Be6 18. e4 fxe4 19. Rxe4 Qd6 20. Re5 Bd5 21. Nxd5 cxd5 22. Rf5 g6 23. Rg5 Re7 24. Rg4 Rg7 25. Re1 Nd7 26. Rg5 Rf8 27. Qb3 Nb6 28. Rge5 Nc4 29. Re8 Rgf7 30. Rxf8+ Kxf8 31. Ng5 Re7 32. Qf3+ Ke8 33. Qf7+ Kd7 34. Rxe7+ Qxe7 35. Qxd5+ Nd6 36. Qe5 h6 37. Nf3 Qf7 38. b3 g5 39. h3 Qh7 40. Kh2 Qe4 41. Qg7+ Ke8 42. Qxh6 Qf4+ 43. Kh1 Ne4 44. Qe6+ Kd8 45. Qe5 Nf2+ 46. Kg1 Nxh3+ 47. Kf1 Qc1+ 48. Qe1 Qf4 49. Qa5+ Ke7 50. Qc5+ Kf6 51. Qe5+ Kg6 52. Qe6+ 1-0